Química Inorg nica / Therald Moeller. (Registro nro. 21160)
[ vista simple ]
| 000 -LÍDER | |
|---|---|
| fixed length control field | 00437nam a2200145 4500 |
| 008 - ELEMENTOS DE LONGITUD FIJA -- INFORMACIÓN GENERAL | |
| fixed length control field | 0 1994 0a 000 0ESP |
| 020 ## - NÚMERO INTERNACIONAL NORMALIZADO PARA LIBROS | |
| ISBN | 84-291-7391-9 |
| 082 ## - NUMERO DE CLASIFICACION DECIMAL DEWEY | |
| Número de Clasificación | 546 M433q |
| 100 ## - ASIENTO PRINCIPAL--NOMBRE PERSONAL | |
| Nombre personal | Moeller,Therald. |
| 245 ## - TÍTULO | |
| Título | Química Inorg nica / Therald Moeller. |
| 260 ## - PUBLICACIÓN, DISTRIBUCIÓN, ETC. (PIE DE IMPRENTA) | |
| Lugar de publicación, distribución, etc. | Barcelona,España : Reverté |
| 300 ## - DESCRIPCIÓN FÍSICA | |
| Extensión | viii,902p. / 22cm. |
| 500 ## - NOTA GENERAL | |
| Nota general | Incuye Indice an litico,indice Alfab‚tico |
| 650 ## - ASIENTO SECUNDARIO DE MATERIA - TERMINO TEMÁTICO | |
| Término temático o nombre geográfico como elemento de entrada | 1.QUIMICA INORGANICA |
| No. biblioteca | No. biblioteca | Número de clasificación | Código de barras/Número de adquisición | Número de copia | Tipo de material |
|---|---|---|---|---|---|
| LUIS G. INCLAN | LUIS G. INCLAN | 546 M433q | 25969 | 1 | Libros |
| LUIS G. INCLAN | LUIS G. INCLAN | 546 M433q | 25970 | 2 | Libros |
